[Event "FIDE Womens Grand Prix"]
[Site "Gibraltar, Caleta Hotel"]
[Date "2021.05.22"]
[Round "1.4"]
[White "Muzychuk, Mariya"]
[Black "Muzychuk, Anna"]
[Result "1/2-1/2"]
[WhiteElo "2544"]
[BlackElo "2535"]
[PlyCount "47"]
[EventDate "2021.05.22"]
[EventType "tourn"]
[EventRounds "11"]
[EventCountry "GGB"]
[Tiebreak "Koya+Number of black wins+Number of wins"]
[SourceTitle "BritBase"]
[Source "John Saunders"]
[SourceDate "2021.06.05"]
[SourceVersion "1"]
[SourceVersionDate "2021.06.05"]
[SourceQuality "1"]

1. e4 e5 2. Nf3 Nc6 3. Bb5 a6 4. Ba4 Nf6 5. O-O Be7 6. Re1 b5 7. Bb3 O-O 8. h3
Bb7 9. d3 d5 10. exd5 Nxd5 11. Nxe5 Nxe5 12. Rxe5 Qd6 13. Re1 Rae8 14. Nd2 c5
15. a4 c4 16. dxc4 Nf4 17. Nf3 Nxg2 18. Qxd6 Nxe1 19. Qb6 Nxf3+ 20. Kg2 Nh4+
21. Kg1 Nf3+ 22. Kg2 Nh4+ 23. Kg1 Nf3+ 24. Kg2 1/2-1/2